|
|
|
|
| LEADER |
00000nab a2200000 a 4500 |
| 001 |
vtls000378632 |
| 003 |
SK-MaSNL |
| 005 |
20260426063028.0 |
| 008 |
230120c1989 xo 0 cze |
| 015 |
|
|
|a SNBRB19rr/mm-uuuuu
|
| 035 |
|
|
|a CL0378754
|
| 035 |
|
|
|a urn:nbn:sk:snk-ab2k90
|
| 035 |
|
|
|a (urnnbn)urn:nbn:sk:snk:ar-a02jsy
|
| 035 |
|
|
|a (uuid)220a09f3-38fd-4743-b9d2-4fa61a0c35ea
|
| 040 |
|
|
|a SNKBUCL
|b slo
|c SNKBUCL
|e AACR2
|
| 041 |
0 |
|
|a cze
|
| 044 |
|
|
|a xo
|c SK
|
| 080 |
|
|
|a 624.191.6
|2 1981
|
| 080 |
|
|
|a 624.191.22
|2 1981
|
| 100 |
1 |
|
|a Raclavský, Jaroslav
|4 aut
|9 776293
|
| 245 |
1 |
0 |
|a Zkušenosti s uplatňováním technologie štítování v Bratislavě
|c Jaroslav Raclavský
|
| 300 |
|
|
|b Obr. 7. Tb. 5. Graf 1. Sch. 3. Res. rus., angl., nem.
|
| 610 |
2 |
7 |
|a Ingstav (Brno, Česko)
|2 snkbucl
|9 1284411
|
| 650 |
0 |
7 |
|a štítované štôlne
|2 snkbucl
|9 1284412
|
| 650 |
0 |
7 |
|a razenie štítom
|2 snkbucl
|9 1284413
|
| 650 |
0 |
7 |
|a komunálne mechanizované štíty
|2 snkbucl
|9 1284414
|
| 651 |
|
7 |
|a Bratislava (Slovensko)
|2 snkbucl
|9 14568
|
| 655 |
|
7 |
|a články z novín a časopisov
|2 snkbucl
|9 267496
|
| 773 |
0 |
|
|t Inženýrské stavby
|g Roč. 37, č. 11 (1989), s. 561-567
|
| 850 |
|
|
|a Slovenská národná knižnica v Martine
|a MTA001
|
| 852 |
|
|
|a SNK
|b KIS3GCP
|
| 954 |
|
|
|a odborná, vedecká literatúra cudzojazyčná (svetová)
|2 lita
|
| 957 |
|
|
|a 5100
|
| 957 |
|
|
|a 3702
|
| 958 |
|
|
|a RK
|
| 958 |
|
|
|a CZ
|
| 958 |
|
|
|a OND
|
| 958 |
|
|
|a EUIPO
|
| 958 |
|
|
|a article2022
|
| 992 |
|
|
|a RBX
|
| 999 |
|
|
|c 2551920
|d 2553850
|